| 000 | 00833pab a2200169 454500 | ||
|---|---|---|---|
| 008 | 180718b1999 xxu||||| |||| 00| 0 eng d | ||
| 100 | _aPempel, T.J. | ||
| 245 | _aStructural Gaiatsu: international finance and political change in Japan | ||
| 260 | _c1999 | ||
| 300 | _ap.907-32 | ||
| 362 | _aDec | ||
| 520 | _aThis article contends that key structural changes in Japan's political economy have been the result of Japan's new interactions with world capital markets. A once closed system is now substantially more open to currency fluctuations and enhanced capital movements into and out of Japan. These have led to sweeping systemwide alterations in Japan's prior system. - Reproduced | ||
| 650 | _aInternational finance - Japan | ||
| 650 | _aInternational finance | ||
| 773 | _aComparative Political Studies | ||
| 909 | _a44005 | ||
| 999 |
_c44005 _d44005 |
||